Comprehensive Differential Equations / (Record no. 592458)

000 -LEADER
fixed length control field 00744nam a22001337a 4500
040 ## - CATALOGING SOURCE
Transcribing agency NUST
082 ## - DEWEY DECIMAL CLASSIFICATION NUMBER
Classification number 515.625,TRI
100 ## - MAIN ENTRY--PERSONAL NAME
Personal name Trivedi, SD
9 (RLIN) 103307
245 ## - TITLE STATEMENT
Title Comprehensive Differential Equations /
Statement of responsibility, etc. SD Trivedi
260 ## - PUBLICATION, DISTRIBUTION, ETC.
Place of publication, distribution, etc. New Delhi
Name of publisher, distributor, etc. Dominant Pub.
Date of publication, distribution, etc. 2003
300 ## - PHYSICAL DESCRIPTION
Extent 302 p.;
505 ## - FORMATTED CONTENTS NOTE
Formatted contents note An Introduction to Differential Equations (Page-10, Differential Equations of First Order and First Degree (Page-370, Differential Equations of First Order not of first Degree (Page-98), Applications of First order Differential and Pi card's Method (Page-121),Linear Equations (Page-140), Methods of Variation of Parameters and Undermined Coefficients (Page-203), Linear Equations of Second Order (Page-237).
942 ## - ADDED ENTRY ELEMENTS (KOHA)
Source of classification or shelving scheme
Koha item type Book
Call number prefix 515.625,TRI
Holdings
Withdrawn status Lost status Source of classification or shelving scheme Damaged status Not for loan Permanent Location Current Location Shelving location Date acquired Total Checkouts Full call number Barcode Date last seen Price effective from Koha item type Public note
          Military College of Signals (MCS) Military College of Signals (MCS) General Stacks 11/21/2022   515.625,TRI MCS30720 11/21/2022 11/21/2022 Book Almirah No.13, Shelf No.5
© 2023 Central Library, National University of Sciences and Technology. All Rights Reserved.